000 01211nam a2200301Ia 4500
001 ebr10331367
003 CaPaEBR
006 m u
007 cr cn|||||||||
008 081208s2009 pau sb 001 0 eng d
010 _z 2008052192
020 _z9781849050234 (pb : alk. paper)
040 _aCaPaEBR
_cCaPaEBR
035 _a(OCoLC)646832588
050 1 4 _aRC553.A88
_bB33 2009eb
100 1 _aBadcock, C. R.
245 1 4 _aThe imprinted brain
_h[electronic resource] :
_bhow genes set the balance between autism and psychosis /
_cChristopher Badcock.
260 _aPhiladelphia :
_bJessica Kingsley Publishers,
_cc2009.
300 _a256 p.
504 _aIncludes bibliographical references and index.
533 _aElectronic reproduction.
_bPalo Alto, Calif. :
_cebrary,
_d2009.
_nAvailable via World Wide Web.
_nAccess may be limited to ebrary affiliated libraries.
650 0 _aAutism
_xGenetic aspects.
650 0 _aPsychoses
_xGenetic aspects.
650 0 _aGenomic imprinting.
655 7 _aElectronic books.
_2local
710 2 _aebrary, Inc.
856 4 0 _uhttp://site.ebrary.com/lib/rucke/Doc?id=10331367
_zAn electronic book accessible through the World Wide Web; click to view
999 _c68659
_d68659